A Guide to Reading in American History: The Unit Approach / (Record no. 616730)

000 -LEADER
fixed length control field 00421nam a22001337a 4500
020 ## - INTERNATIONAL STANDARD BOOK NUMBER
Qualifying information PB,.
040 ## - CATALOGING SOURCE
Transcribing agency FIZZA ISHAQ
082 ## - DEWEY DECIMAL CLASSIFICATION NUMBER
Classification number 973
Author Mark HER
100 ## - MAIN ENTRY--PERSONAL NAME
Personal name Herskowitz , Herbert.
9 (RLIN) 133770
245 ## - TITLE STATEMENT
Title A Guide to Reading in American History: The Unit Approach /
Statement of responsibility, etc. Herbert Herskowitz.
260 ## - PUBLICATION, DISTRIBUTION, ETC.
Place of publication, distribution, etc. New York:
Name of publisher, distributor, etc. A Signet Book/ New American Library,
Date of publication, distribution, etc. 1966.
300 ## - PHYSICAL DESCRIPTION
Extent 236 P. ;
Dimensions 6.76 x 4.2 x 0.94 inches
942 ## - ADDED ENTRY ELEMENTS (KOHA)
Source of classification or shelving scheme
Koha item type Book
Holdings
Withdrawn status Lost status Source of classification or shelving scheme Damaged status Not for loan Permanent Location Current Location Shelving location Date acquired Total Checkouts Full call number Barcode Date last seen Price effective from Koha item type
          NUST Baluchistan Campus (NBC) NUST Baluchistan Campus (NBC) General Stacks 03/30/2026   973 HER QD-657 03/30/2026 03/30/2026 Book
© 2023 Central Library, National University of Sciences and Technology. All Rights Reserved.